| 000 | 01625cam a2200421 i 4500 | ||
|---|---|---|---|
| 999 |
_c1324 _d1324 |
||
| 001 | 19270857 | ||
| 003 | OSt | ||
| 005 | 20221228123858.0 | ||
| 008 | 160912s2017 mnuab j b 001 0 eng c | ||
| 010 | _a 2016038584 | ||
| 020 | _a9781515736059 (library binding) | ||
| 020 | _a9781515736097 (pbk.) | ||
| 040 |
_aNJQ/DLC _beng _cNJQ _erda _eKH8 _dDLC |
||
| 042 | _apcc | ||
| 043 | _aa-ja--- | ||
| 082 | 0 | 4 |
_a363.34 RIS _223 |
| 100 | 1 |
_aRissman, Rebecca, _eauthor. |
|
| 245 | 1 | 0 |
_aSwept away : _bthe story of the 2011 Japanese tsunami / _cby Rebecca Rissman ; consultant, Michael Wert, PhD, Associate Professor of History, Marquette University, Milwaukee. |
| 264 | 1 |
_aNorth Mankato, Minnesota : _bCapstone Press, a Capstone imprint, _c[2017] |
|
| 300 |
_a112 pages : _bcolor illustrations, color map ; _c20 cm. |
||
| 336 |
_atext _2rdacontent |
||
| 337 |
_aunmediated _2rdamedia |
||
| 338 |
_avolume _2rdacarrier |
||
| 490 | 1 | _aTangled history | |
| 504 | _aIncludes bibliographical references and index. | ||
| 521 | 1 | _aAges 9-14. | |
| 521 | 2 | _aGrades 4 to 6. | |
| 650 | 0 |
_aTohoku Earthquake and Tsunami, Japan, 2011 _vJuvenile literature. |
|
| 650 | 0 |
_aTsunamis _zJapan _vJuvenile literature. |
|
| 650 | 0 |
_aFukushima Nuclear Disaster, Japan, 2011 _vJuvenile literature. |
|
| 650 | 0 |
_aNatural disasters _zJapan _vJuvenile literature. |
|
| 651 | 0 |
_aJapan _xHistory _y21st century _vJuvenile literature. |
|
| 700 | 1 |
_aWert, Michael, _econsultant. |
|
| 830 | 0 | _aTangled history. | |
| 906 |
_a7 _bcbc _corignew _d1 _eecip _f20 _gy-gencatlg |
||
| 942 |
_2ddc _cNFIC |
||